Countries' Names - Orientation based - Statistics

General Stats
  • This quiz has been taken 10 times
  • The average score is 13 of 22
Answer Stats
% Correct
Equatorial-Guinea
89%
North Korea
89%
South Sudan
89%
Norway "nor" meaning North
78%
South Africa
78%
South Korea
78%
Vietnam "nam" meaning South
78%
Central African Republic
67%
East-Timor
67%
Ecuador
67%
North Macedonia
67%
Australia from the Latin "{austra}lis", South
56%
from the Latin "{austra}lis", South
56%
Austria from "{Ostrreich}", Eastern Kingdom
44%
from "{Ostrreich}", Eastern Kingdom
44%
Northern Ireland
44%
Tonga Meaning South in Samoan
44%
Western Sahara
33%
Estonia From "aest" meaning East
22%
Northern Cyprus
22%
South Ossetia
22%
West Bank
22%
No matching quizzes found
Score Distribution
Percent of People with Each Score
Percentile by Number Answered
Your Score History
You have not taken this quiz